| 000 | 01307cam a2200301 a 4500 | ||
|---|---|---|---|
| 005 | 20160216121301.0 | ||
| 008 | 030903s2002 ck ad r 000 0 spa d | ||
| 020 | _a9588196019 | ||
| 040 |
_aCO-BoPUJ _cCO-BoIAVH |
||
| 041 | 0 | _aspa | |
| 044 | _ack | ||
| 082 | 0 | 4 |
_a305.8 _bM49a |
| 245 | 0 | 0 |
_aMedio Atrato : _bterritorio de vida _cedición Clemencia Peña Trujillo y Beatriz Peña Trujillo |
| 260 |
_aBogotá : _bRed de Solidaridad Social, _c2002. |
||
| 300 |
_a272 páginas : _bilustraciones, gráficas y tablas ; _c28 x 21 cm. |
||
| 504 | _aIncluye referencias bibliográficas (páginas 271-272). | ||
| 650 | 2 | 6 |
_aNegros _xAspectos sociales _zMedio atrato (Colombia) |
| 650 | 2 | 6 |
_aNegros _xVida social y costumbres _zMedio atrato (Colombia) |
| 650 | 2 | 6 |
_aAntropología cultural _zMedio atrato (Colombia) |
| 700 | 1 | _aTorre Uran, Lucía Mercedes de la | |
| 700 | 1 | _aMejía Fernández, Claudia Helena | |
| 700 | 1 | _aSalazar Palacio, Jovanny Alberto | |
| 700 | 1 |
_aPeña Trujillo, Clemencia _eeditora |
|
| 700 | 1 |
_aPeña Trujillo, Beatriz _eeditora |
|
| 710 | 1 |
_aColombia _b Presidencia de la República _b Red de Solidaridad Social |
|
| 710 | 2 |
_aAsociación Campesina Integral del Atrato _b Consejo Comunitario Mayor |
|
| 942 |
_2ddc _cLIBRO |
||
| 999 |
_c20 _d20 |
||